Estudio de la densidad y capacidad de las carreteras de Costa Rica
Enregistré dans:
| Auteur principal: | |
|---|---|
| Autres auteurs: | |
| Format: | Inconnue |
| Publié: |
[San José, Costa Rica]
1953
|
| Sujets: | |
| Tags: |
Ajouter un tag
Pas de tags, Soyez le premier à ajouter un tag!
|
MARC
| LEADER | 00000 a2200000 4500 | ||
|---|---|---|---|
| 003 | 010997 | ||
| 005 | 20221231143801.0 | ||
| 008 | 140114s1953 cr a m 000 ||s d | ||
| 040 | |c cru CEDI | ||
| 090 | |a TFG 059 | ||
| 100 | |a Sancho Castro, Mario |9 17097 | ||
| 245 | |a Estudio de la densidad y capacidad de las carreteras de Costa Rica | ||
| 260 | |c 1953 |a [San José, Costa Rica] | ||
| 300 | |a 80 hojas : 13 fotografías originales, gráficos a color ; 29 cm | ||
| 500 | |a Tesis (Ingeniero Civil) Universidad de Costa Rica. | ||
| 501 | |a Ed. mecanografiada. | ||
| 650 | |x CARRETERAS |9 17099 | ||
| 700 | |9 17098 |a Vargas Salas, Rodrigo | ||
| 942 | |c TFG | ||
| 999 | |c 11933 |d 11933 | ||
